Sports Quiz

Random Sports or Cricket Quiz

Leading Wicket Takers Test Cricket Quiz Stats

Quiz not verified by Sporcle

Challenge
Share
Tweet
Embed
Score 0/24 Timer 05:00
0 Plays Today
wickets % Correct
708Shane Warne
98.9%
563Glenn McGrath
93.2%
800Muttiah Muralitharan
88.6%
619Anil Kumble
86.4%
383Ian Botham
83%
519Courtney Walsh
80.7%
405Curtly Ambrose
77.3%
421Shaun Pollock
71.6%
310Brett Lee
71.6%
414Wasim Akram
70.5%
431Richard Hadlee
67%
373Waqar Younis
67%
wickets % Correct
378Harbhajan Singh
64.8%
434Kapil Dev
63.6%
330Allan Donald
63.6%
362Imran Khan
62.5%
355Dennis Lillee
62.5%
376Malcolm Marshall
60.2%
339Daniel Vettori
55.7%
307Fred Trueman
55.7%
325Bob Willis
54.5%
390Makhaya Ntini
53.4%
355Chaminda Vaas
50%
309Lance Gibbs
36.4%

You're not logged in!

Compare scores with friends on all Sporcle quizzes.
Sign Up with Email
OR
Log In

You Might Also Like...

Show Comments

Extras

Top Quizzes Today


Score Distribution

Your Account Isn't Verified!

In order to create a playlist on Sporcle, you need to verify the email address you used during registration. Go to your Sporcle Settings to finish the process.

Report this User

Report this user for behavior that violates our Community Guidelines.

Details: